000 00594nam a22001817a 4500
005 20171113093856.0
010 _aENG-121310
020 _a9789383895397
_c200.00
035 _aEN-104842
037 _bDBAD/PUB
082 _a929.2
100 _aGhosh, Swapankumar
245 _aThe Yadavs of india :
_cby Swapankumar Ghosh
_ba precies and concise history of Yadavs /
260 _aWest Bengal
_bPandulipi Publisher and Book Seller
_c2015
270 _a1A, College Row
_bKolkata (West Bengal)
_e700009
300 _a168p. :
_c22cm(Hb)
_bill.
942 _2ddc
_cEN
_h929.2
_mGHO
999 _c147311
_d147311